000 00475cam a22001457a 4500
008 180718b1966 xxu||||| |||| 00| 0 eng d
082 _aXA23x42 H714
100 _aHole, W.V.
245 _aHouses and people : a review of user studies at the building research station
_cby W.V. Hole And J.J. Attenburrow
260 _aLondon
_bHer Majesty's
_c1966
300 _a70p
650 _aWorking class --Dwellings.
650 _aHousing --Great Britain
700 _aAttenburrow, J.J.
999 _c412444
_d412444